Na pomoc rozhodcovským komisiam ZO ROH rozhodcovské konanie

Na minha lista:
Detalhes bibliográficos
Formato: Livro
Idioma:eslovaco
Publicado em: Bratislava Práca 1986
Tags: Adicionar Tag
Sem tags, seja o primeiro a adicionar uma tag!

MARC

LEADER 00000nam a2200000 4500
001 c104195
005 20050301103957.5
041 0 |a slo 
044 |a SK 
245 1 0 |a Na pomoc rozhodcovským komisiam ZO ROH  |b rozhodcovské konanie 
264 1 |a Bratislava  |b Práca  |c 1986 
300 |a 217 s.